000 00424nam a2200169Ia 4500
003 LK-CoDNM
005 20240801095947.0
008 010623t1902 xxu||||| |||| 00| 1 fra d
040 _aLK-CoDNM
_dLK-CoDNM
_eLK-CoDNM
041 _afra
080 _a8
_bM18
100 _aFrank,R.Otto.
245 _aPaali und Sanskrit
260 _bVerlag Von Karl.J.Trubner
_aStrassburg
_c1902
300 _bvi, 176p ; 22 cm
942 _cBK
999 _c85388
_d85388